| 000 | 00381cam a2200157ua 4500 | ||
|---|---|---|---|
| 041 |
_aeng _h |
||
| 082 |
_a823.308 _bBRO/JA |
||
| 100 | _aBronte , Charlotte . | ||
| 245 |
_aJane Eyre / _cCharlotte Bronte. _hTextual Documents |
||
| 250 |
_a1 / _b. |
||
| 260 |
_aLondon : _bGinn and company Ltd , _c1963. |
||
| 300 | _a168 ; . | ||
| 504 | _a | ||
| 942 | _cBK | ||
| 999 |
_c7834 _d7834 |
||